00501nam a2200121Ia 4500008004100000100002300041245012500064245008400189260000900273300002900282440004500311650002300356171207s9999 xx 000 0 und d aOslvaldo, S. Sousa aDeveloping software systems to Big Data platform based on MapReduce model: An approach based on Model Driven Engineering cS. Sousa Osvaldo Jr., Denivaldo Lopes, Aristófanes C. Silva, Zair Abdelouahab c2017 apages 30-48, August 2017 aInformation and Software Technologyv92: aSOFTWARE TECHNLOGY